| Tag |
First Indicator |
Second Indicator |
Subfields |
| LEADER |
00000cas a2200000 a 4500 |
| 001 |
in00000078842 |
| 005 |
20151008053937.0 |
| 008 |
751101d18711973it uu p 0uuua0ita u |
| 035 |
|
|
|a (OCoLC)01762424
|
| 035 |
|
|
|9 AAH9137AM
|
| 040 |
|
|
|c MUL
|d COO
|d m.c.
|d HUL
|d TXA
|d UtOrBLW
|
| 049 |
|
|
|a TXAE
|
| 090 |
|
|
|a AS222
|b .P451
|
| 245 |
0 |
0 |
|a Annali della Scuola normale superiore di Pisa.
|p Scienze fisiche i matematiche.
|
| 264 |
|
1 |
|a Pisa :
|b Scuola normale superiore,
|c [1871-1973]
|
| 300 |
|
|
|a 58 volumes :
|b illustrations ;
|c 24-27 cm.
|
| 310 |
|
|
|a Quarterly
|b 1932-
|
| 321 |
|
|
|a Irregular
|b 1871-1930
|
| 336 |
|
|
|a text
|b txt
|2 rdacontent
|
| 337 |
|
|
|a unmediated
|b n
|2 rdamedia
|
| 338 |
|
|
|a volume
|b nc
|2 rdacarrier
|
| 362 |
0 |
|
|a Vol. 1 (1871)-v. 16 (1929/30); Ser. 2, Vol. 1 (1932)-v. 15 (1946); Ser. 3, Vol. 1 (1947)-v. 27 (1973)
|
| 500 |
|
|
|a Volumes 1-8 issued as Its Annali, v. (1), 4, 6, 8, 10, 12, 17, 21.
|
| 500 |
|
|
|a Ser. 2 supersedes in part Annali delle universita toscane.
|
| 515 |
|
|
|a Vol. 10 incorrectly numbered 22.
|
| 550 |
|
|
|a Vols. -16, -1930, issued under an earlier name of the school: R. Scuola normale superiore universitaria di Pisa.
|
| 650 |
|
0 |
|a Science
|v Periodicals.
|
| 650 |
|
0 |
|a Mathematics
|v Periodicals.
|
| 710 |
2 |
|
|a Università di Pisa.
|
| 710 |
2 |
|
|a Università di Pisa.
|b Scuola normale superiore.
|
| 785 |
0 |
0 |
|t Annali della Scuola normale superiore di Pisa, Classe di scienze
|
| 999 |
|
|
|a MARS
|
| 999 |
f |
f |
|s bc33323d-831b-3cf6-ba79-7c3f2b8027ec
|i ab837f6c-befa-3fcc-9384-e27b8bbb46dd
|t 0
|
| 952 |
f |
f |
|p storage
|a Texas A&M University
|b J.J. Pickle Campus
|c High Density Repository
|d Remote Storage
|t 0
|e AS222 .P451
|h Library of Congress classification
|i unmediated -- volume
|k Ser.3:v.27:no.3-4
|l 1973
|m A14834204497
|
| 952 |
f |
f |
|p storage
|a Texas A&M University
|b J.J. Pickle Campus
|c High Density Repository
|d Remote Storage
|t 0
|e AS222 .P451
|h Library of Congress classification
|i unmediated -- volume
|k Ser.3:v.27:no.1-2
|l 1973
|m A14834204489
|
| 952 |
f |
f |
|p storage
|a Texas A&M University
|b J.J. Pickle Campus
|c High Density Repository
|d Remote Storage
|t 0
|e AS222 .P451
|h Library of Congress classification
|i unmediated -- volume
|k Ser.2:v.5
|l 1936
|m A14834204358
|
| 952 |
f |
f |
|p storage
|a Texas A&M University
|b J.J. Pickle Campus
|c High Density Repository
|d Remote Storage
|t 0
|e AS222 .P451
|h Library of Congress classification
|i unmediated -- volume
|k Ser.3:v.24
|l 1970
|m A14834204447
|
| 952 |
f |
f |
|p storage
|a Texas A&M University
|b J.J. Pickle Campus
|c High Density Repository
|d Remote Storage
|t 0
|e AS222 .P451
|h Library of Congress classification
|i unmediated -- volume
|k Ser.3:v.4:no.1-2
|l 1950
|m A14834204439
|
| 952 |
f |
f |
|p storage
|a Texas A&M University
|b J.J. Pickle Campus
|c High Density Repository
|d Remote Storage
|t 0
|e AS222 .P451
|h Library of Congress classification
|i unmediated -- volume
|k Ser.2:v.7
|l 1938
|m A14834204374
|
| 952 |
f |
f |
|p storage
|a Texas A&M University
|b J.J. Pickle Campus
|c High Density Repository
|d Remote Storage
|t 0
|e AS222 .P451
|h Library of Congress classification
|i unmediated -- volume
|k Ser.2:v.10
|l 1941
|m A14834204405
|
| 952 |
f |
f |
|p storage
|a Texas A&M University
|b J.J. Pickle Campus
|c High Density Repository
|d Remote Storage
|t 0
|e AS222 .P451
|h Library of Congress classification
|i unmediated -- volume
|k Ser.3:v.26:no.1-2
|l 1972
|m A14834204463
|
| 952 |
f |
f |
|p storage
|a Texas A&M University
|b J.J. Pickle Campus
|c High Density Repository
|d Remote Storage
|t 0
|e AS222 .P451
|h Library of Congress classification
|i unmediated -- volume
|k Ser.2:v.11-12
|l 1942-1943
|m A14834204413
|
| 952 |
f |
f |
|p storage
|a Texas A&M University
|b J.J. Pickle Campus
|c High Density Repository
|d Remote Storage
|t 0
|e AS222 .P451
|h Library of Congress classification
|i unmediated -- volume
|k Ser.2:v.3
|l 1934
|m A14834204332
|
| 952 |
f |
f |
|p storage
|a Texas A&M University
|b J.J. Pickle Campus
|c High Density Repository
|d Remote Storage
|t 0
|e AS222 .P451
|h Library of Congress classification
|i unmediated -- volume
|k Ser.3:v.1-3
|l 1947-1949
|m A14834204421
|
| 952 |
f |
f |
|p storage
|a Texas A&M University
|b J.J. Pickle Campus
|c High Density Repository
|d Remote Storage
|t 0
|e AS222 .P451
|h Library of Congress classification
|i unmediated -- volume
|k Ser.2:v.1
|l 1932
|m A14834204316
|
| 952 |
f |
f |
|p storage
|a Texas A&M University
|b J.J. Pickle Campus
|c High Density Repository
|d Remote Storage
|t 0
|e AS222 .P451
|h Library of Congress classification
|i unmediated -- volume
|k Ser.2:v.9
|l 1940
|m A14834204390
|
| 952 |
f |
f |
|p storage
|a Texas A&M University
|b J.J. Pickle Campus
|c High Density Repository
|d Remote Storage
|t 0
|e AS222 .P451
|h Library of Congress classification
|i unmediated -- volume
|k Ser.2:v.2
|l 1933
|m A14834204324
|
| 952 |
f |
f |
|p storage
|a Texas A&M University
|b J.J. Pickle Campus
|c High Density Repository
|d Remote Storage
|t 0
|e AS222 .P451
|h Library of Congress classification
|i unmediated -- volume
|k Ser.2:v.6
|l 1937
|m A14834204366
|
| 952 |
f |
f |
|p storage
|a Texas A&M University
|b J.J. Pickle Campus
|c High Density Repository
|d Remote Storage
|t 0
|e AS222 .P451
|h Library of Congress classification
|i unmediated -- volume
|k Ser.2:v.4
|l 1935
|m A14834204340
|
| 952 |
f |
f |
|p storage
|a Texas A&M University
|b J.J. Pickle Campus
|c High Density Repository
|d Remote Storage
|t 0
|e AS222 .P451
|h Library of Congress classification
|i unmediated -- volume
|k Ser.3:v.25
|l 1971
|m A14834204455
|
| 952 |
f |
f |
|p storage
|a Texas A&M University
|b J.J. Pickle Campus
|c High Density Repository
|d Remote Storage
|t 0
|e AS222 .P451
|h Library of Congress classification
|i unmediated -- volume
|k Ser.2:v.8
|l 1939
|m A14834204382
|
| 952 |
f |
f |
|p storage
|a Texas A&M University
|b J.J. Pickle Campus
|c High Density Repository
|d Remote Storage
|t 0
|e AS222 .P451
|h Library of Congress classification
|i unmediated -- volume
|k Ser.3:v.26:no.3-4
|l 1972
|m A14834204471
|
| 998 |
f |
f |
|a AS222 .P451
|s ser.3:v.24 (1970)-ser.3:v.27 (1973)
|t 0
|l Remote Storage
|